MDQL
is popping MORE tags! Check the
thread
!
Quizzes
Events
Quiz Creation
Community
Videos
Private Events
Remove Ads
Sign In
Join for FREE
Feedback
Dark Mode
Quiz Categories
Sports
Geography
Music
Movies
Television
Just For Fun
Miscellaneous
History
Literature
Language
Science
Gaming
Entertainment
Religion
Holiday
For Kids
Quiz Lab
Recent
Popular Today
Quiz Kudos Today
Editor Picks
Curator Picks
Quizzes by...
Day
Popularity
Type
Ratings
Length
Year
Community
Subscriptions
Recent Discussions
Orange Saloon
Badges
Playlists
Quests
Create
Leaderboards
Showdown
Live 5
Trivia Bingo
Activity
Puzzle Library
Sporcle Events
Private Events
Virtual Trivia
Globe League
Become a Host
Pub Owners
SporcleCon
Opinionation
Our Games
Videos
Blog
Mobile Apps
Partnerships
Remove Ads and Go Orange
Feedback
Geography
Country
Landmarks
City
State
Population
World
Capital
Continent
Flags
Europe
Africa
Asia
South America
North America
Oceania
Border
Canada
United Kingdom
Topography
United States
Geography
Country
Landmarks
City
State
Population
World
Capital
Continent
Flags
Europe
Africa
Asia
South America
North America
Oceania
Border
Canada
United Kingdom
Topography
United States
Random Quiz
Search Sporcle
×
Quiz Lab
Quiz Lab
Geography
Border
Type in answers that appear in a list
Type in answers that appear in a list
Classic
Best Score? Go Orange.
States that border each state Stats
Can you name the States that border each state?
By
schmi410
15m
197 Questions
100 Plays
100 Plays
100 Plays
Comments
Comments
Give Quiz Kudos
Give Quiz Kudos
-
- Ratings
hide this ad
More Info
Forced Order
Answers have to be entered in order
Answers have to be entered in order
Replay
Link that replays current quiz
Next Quiz
Link to next quiz in quiz playlist
You Got
0%
They Got
Avg Score
51%
Avg Friend Score
Upgrade to see
Score Distribution
Jump to the score distribution portion of the page
Score
0/197
Timer
15:00
0
Plays Today
% Correct
Florida
92%
California
90%
Georgia
89%
Mississippi
89%
Tennessee
89%
Nevada
87%
New Mexico
87%
Utah
86%
Nevada
83%
Oregon
83%
Arizona
82%
Alabama
82%
Georgia
82%
Massachusetts
80%
New York
80%
Rhode Island
80%
Maryland
80%
Florida
80%
New Jersey
79%
Alabama
79%
South Carolina
79%
Pennsylvania
78%
New Hampshire
78%
Tennessee
76%
Indiana
75%
Illinois
75%
Wisconsin
75%
North Carolina
74%
Ohio
74%
Delaware
74%
Connecticut
74%
Kentucky
73%
Mississippi
73%
New Hampshire
73%
Rhode Island
73%
Ohio
73%
Missouri
72%
Texas
72%
Pennsylvania
72%
Virginia
72%
West Virginia
72%
New York
72%
Vermont
72%
Indiana
72%
Mississippi
71%
Iowa
71%
Michigan
71%
Louisiana
70%
Oklahoma
70%
Montana
70%
Washington
70%
Wyoming
70%
Arkansas
70%
Iowa
70%
North Dakota
70%
Wisconsin
70%
Tennessee
69%
Texas
69%
Utah
69%
Wyoming
69%
Oregon
69%
Utah
69%
Alabama
69%
Missouri
68%
Wisconsin
68%
Illinois
68%
% Correct
South Dakota
68%
Kansas
67%
Minnesota
67%
Arkansas
67%
Nebraska
66%
Nevada
66%
Kentucky
66%
Colorado
66%
Wisconsin
65%
South Dakota
64%
Nebraska
64%
Oklahoma
64%
Louisiana
64%
Tennessee
64%
New Mexico
63%
Nebraska
63%
Missouri
63%
Missouri
61%
Oklahoma
60%
Maine
60%
Massachusetts
60%
Vermont
60%
Indiana
59%
Idaho
59%
North Dakota
58%
South Dakota
58%
New York
58%
Tennessee
57%
West Virginia
57%
Wyoming
57%
Delaware
57%
Illinois
56%
Virginia
56%
Pennsylvania
56%
Ohio
55%
Missouri
54%
Arizona
53%
Arizona
51%
California
51%
Colorado
50%
Texas
50%
Arkansas
49%
Illinois
49%
Connecticut
49%
Oklahoma
48%
New Jersey
48%
Idaho
47%
Oregon
47%
Utah
47%
Iowa
46%
Kansas
46%
Massachusetts
46%
Pennsylvania
45%
Vermont
44%
Kentucky
43%
Nebraska
43%
Colorado
43%
Iowa
43%
Minnesota
43%
Montana
43%
South Dakota
43%
Kansas
42%
Oklahoma
41%
South Carolina
41%
Georgia
40%
Tennessee
40%
% Correct
Connecticut
40%
Massachusetts
40%
Missouri
39%
Wyoming
39%
Virginia
39%
Tennessee
38%
South Dakota
38%
North Carolina
38%
Indiana
36%
Georgia
36%
Colorado...
36%
Kentucky
35%
Pennsylvania
35%
California
35%
Michigan
34%
West Virginia
34%
New Hampshire
34%
Idaho
34%
Oregon
34%
Illinois...
34%
Nevada
33%
Washington
33%
Massachusetts
33%
New York
33%
Kentucky...
33%
Idaho
32%
Oklahoma
32%
New Mexico
32%
Arkansas
30%
Louisiana
30%
Texas
29%
Alabama
29%
Arizona
28%
Colorado
28%
Wyoming
28%
West Virginia
28%
Missouri
27%
Colorado
26%
Maryland
26%
New Jersey
26%
Ohio
26%
Idaho
26%
Nevada
26%
Maryland
26%
Arkansas
25%
Kansas
25%
New York
25%
West Virginia
25%
Georgia
25%
Virginia
25%
Kentucky
25%
North Carolina
25%
Tennessee
25%
New Mexico
24%
Arkansas
24%
Mississippi
24%
Minnesota
23%
Wyoming
23%
Iowa
22%
Montana
22%
North Dakota
22%
Kentucky
22%
Missouri
22%
Nebraska
21%
North Carolina
21%
Quiz Playlist
Details
Report
Send in Message
Add To Playlist
More Info:
Must be entered in alphabetical order. I ran out of room for the last three states so any bordering state will work.
Classic:
Type in answers that appear in a list
Forced Order:
Answers have to be entered in order
Last Updated: Feb 16, 2017
Quiz Scoreboard
CHALLENGE
Sign Up to Join the Scoreboard
Show All
Scores
Hide
Comments
May contain spoilers
Recently Published
1-10 Letter E Words III
by El_Dandy
Language
2m
Street Fighter Characters
by Artimus82
Gaming
60s
College Basketball Coaching Resumes
by pancakes188
Sports
9m
More to Explore
Quiz From the Vault
Featured Blog Post
Where Did the Easter Bunny Come From?
hide this ad
You Might Also Like...
Tags
Border Quiz
State Quiz
Today's Top Quizzes in Geography
Browse Geography
hide this ad
Today's Top Quizzes in Border
Browse Border
Top Contributed Quizzes in Geography
1
Countries of the World - No Outlines Minefield
2
Top 25 Cities of France on a map
3
Any capital of a 'B' country per Continent
4
Any capital of a 'C' country per Continent
5
Closest Countries to UK A-Z
6
Any capital of a 'D' country per Continent
7
5-to-1: US Geography No Hints
8
Any capital of an 'E' country per Continent
9
Find the US States - No Outlines
10
Any capital of an 'F' country per Continent
Explore More
Trending Topics
Disney
Crossword
Marvel
Harry Potter
NBA
Anime
Kpop
Country
Pokémon
NFL
WWE
The Office
Song
Puzzle
Soccer
hide this ad
More By:
schmi410
Quiz
Plays
Rating
Category
Featured
Created
Mystery Song Lyrics
648
4.00
Music
Dec 16, 2009
Band/Artist by 3 songs
121
3.50
Music
Jun 25, 2010
States that border each state
100
2.25
Geography
Jul 5, 2010
Go to Creator's Profile
Score Distribution
Quiz Creator Spotlight
schmi410
Follow
Send a Message
Quizzes Created
-
Created Quiz Play Count
-
More By This Creator
Popular Quizzes Today
1
Find the US States - No Outlines Minefield
2
Find the Countries of Europe - No Outlines Minefield
3
The Countries of the World
4
Find the US States
5
Risky Map Clicking: Biggest States A-Z
6
US States
7
Popular People in 1961
8
Movies - When Are They Set?
More Geography Quizzes
Rapid Route: Caribbean
Published
Trending Quizzes
Risky Map Clicking: Least Populous States A-Z
1-10 Letter G Words
1-10 Letter F Words
Countries of the World: 200 Million BC
Risky Map Clicking: Next State Alphabetically
Recently Updated
Most Oscar Losses (Acting)
pecheneg
Beyoncé Albums
pecheneg
Leaping Animals
pecheneg
Reality TV Shows (A-Z)
bhenderson79
Rickey Henderson's Hall of Fame Teammates
pecheneg
Champions League XIs: Arsenal
pecheneg
Quick Pick: Celebrities in WWE's Hall of Fame
aduchscher
A-Z Keypad Blitz II
pecheneg
Multiple Oscar Actors
pecheneg
Mystery Phrase Blitz: Oscar 'Best Actors'
pecheneg
Trending Topics
Harry Potter
Crossword
Disney
NBA
Kpop
Anime
Marvel
Country
The Office
Song
Soccer
NFL
WWE
Puzzle
Pokémon
Your Account Isn't Verified!
In order to create a playlist on Sporcle, you need to verify the email address you used during registration. Go to your
Sporcle Settings
to finish the process.
Report this User
Report this user for behavior that violates our
Community Guidelines
.
Details:
Send Report
Go to the Sporcle.com Mobile Site →
Comments